L' évolution économique et le comportement industriel

Saved in:
Bibliografiske detaljer
Hovedforfatter: Desrousseaux, J (Author)
Format: Bog
Sprog:fransk
Udgivet: París Dunod 1966
Serier:Collection Finance et Economie Appliquée
Fag:
Tags: Tilføj Tag
Ingen Tags, Vær først til at tagge denne postø!

MARC

LEADER 00000nam a2200000 a 4500
001 UCT8298
003 CL-VaPUC
008 970326e19660000FR |||||||||||||||||fre|d
082 0 4 |a 330.1  |b DES  |2 21 
100 0 |a Desrousseaux, J  |e author  |9 379947 
245 1 3 |a L' évolution économique et le comportement industriel 
300 |a 678 p 
942 |c BK 
945 |d 19970326 00:00:00  |a nastorga 
260 |a París  |b Dunod  |c 1966 
650 0 |a Economía   |9 255568 
650 7 |a TEORIA  |2 CL-VaPUC  |9 379948 
650 0 |a Industrias   |9 263688 
650 0 |a Política  |9 255312 
650 0 |a Producción   |9 263680 
650 0 |a Técnica  |9 310682 
650 0 |a Capitalismo  |9 255255 
650 0 |a Recursos naturales  |9 255232 
583 |a last modification  |c 19970326 00:00:00  |k Rodrigo Vera 
490 0 |a Collection Finance et Economie Appliquée 
999 |c 256808  |d 256806 
952 |0 0  |1 0  |4 0  |6 330_100000000000000_DES_1966  |7 0  |8 P  |9 279791  |a BIBGIM  |b BIBGIM  |d 2019-11-19  |i 3279928  |o 330.1 DES 1966  |p 3279928  |r 2025-01-15  |w 2019-11-19  |y BK  |k COM